Statistiques concernant Anagrammes - écrivains français - Série 06

Cliquez ici pour prendre le quiz!

Statistiques générales

  • Ce quiz a été pris 106 fois
  • Le résultat moyen est 5 sur 10

Statistiques - réponses

AnagrammeEcrivain% Correct
ILOTLoti
93%
VERPERTPrevert
89%
LAMARMELMallarmé
63%
FANCREFrance
58%
MALTOMalot
55%
RANNERenan
52%
FLAVEFeval
49%
CHABILELabiche
44%
BORGNESBergson
15%
HENERVERAVerhaeren
12%

Distribution des résultats

Percentile par nombre de réponses

% des personnes avec chaque résultat

Votre développement - résultats

Vous n’avez pas pris ce quiz